| 000 | 02030cam a22004574i 4500 | ||
|---|---|---|---|
| 003 | PE-LiUPU | ||
| 005 | 20250731173325.0 | ||
| 008 | 150625s r 000 0 d | ||
| 020 | _a9780802840349 | ||
| 035 | _a(Sirsi) i9780802840349 | ||
| 040 |
_aPE-LiUPU _bspa _cPE-LiUPU _erda |
||
| 049 | _aPRUA | ||
| 082 | 0 | 4 |
_a230 _bS25 _221 |
| 100 | 1 |
_aSauter, Gerhard, _eautor. |
|
| 245 | 1 | 0 |
_aProtestant theology at the crossroads : _bhow to face the crucial tasks for theology in the twenty-first century / _cGerhard Sauter. |
| 264 | 1 |
_aMichigan : _bWM. B. Eerdmans Publishing Co., _c2007. |
|
| 300 |
_a187 páginas ; _c23 centímetros |
||
| 336 |
_atext _2rdacontent |
||
| 337 |
_aunmediated _2rdamedia |
||
| 338 |
_avolume _2rdacarrier |
||
| 505 | 0 | _aWhat dare we hope - at the beginning of the third millennium?. -A shared hope for jews and Christians. -The art of reading the bible. -No fear of dogmatics!. -God creates faith - do we consent?. -Contextual theology as a challenge to dogmatics. -Theological refleactions on the political changes in Europe. -The religious dimension of American self-understanding and its crisis today. -Public theology - Theology outside the church?. -Observations on the current state of reformed theology. | |
| 526 | _aSEG42 | ||
| 526 | _aSEG41 | ||
| 526 | _aSEG40 | ||
| 526 | _aSEG39 | ||
| 526 | _aP94 | ||
| 526 | _aP87 | ||
| 526 | _aP86 | ||
| 526 | _aP85 | ||
| 526 | _aP77 | ||
| 526 | _aP76 | ||
| 526 | _aP35 | ||
| 541 | _g8163566; | ||
| 650 | 0 | 4 | _aTeología. |
| 910 |
_bjv _clch _d20080325 |
||
| 942 |
_2ddc _cBOOK |
||
| 949 |
_a230 S25 _wDEWEY _c1 _i57919 _lCCODEBUL1 _mBUL _p24.00 _r0 _sY _tBOOK _u2015-6-25 _xTEOLOGIA _zUNKNOWN _0COMPRA _o.STAFF. Colección General |
||
| 994 |
_aC0 _bPEPRU |
||
| 596 | _a1 | ||
| 999 |
_a230 S25 _wDEWEY _c46903 _i57919 _f2021-11-9 _g5 _lCCODEBUL1 _mBUL _p24.00 _r0 _sY _tBOOK _u2015-6-25 _xTEOLOGIA _zUNKNOWN _0COMPRA _o.STAFF. Colección General _d46903 |
||
| 980 |
_81 _gALBERTO SANCHEZ Responsable de Automatización |
||